| 000 | 00625nam a2200193 a 4500 | ||
|---|---|---|---|
| 001 | 000017249 | ||
| 005 | 20250204073952.0 | ||
| 008 | 100322s1943 dr 000 p spa d | ||
| 040 |
_aDO-SdBNP _bspa _cBNPHU |
||
| 082 |
_a861.6 _bL453r |
||
| 100 | 1 |
_aLebrón Morales, José _937912 |
|
| 245 | 1 | 0 |
_aRosal viviente / _cJosé Lebrón Morales ; prólogo Mariano Lebrón Saviñón. |
| 260 |
_aCiudad Trujillo : _fImprenta Roldan, _c1943. |
||
| 300 |
_a78 p. ; _c25 cm. |
||
| 650 | 4 |
_aPoesía española _9631 |
|
| 650 | 4 |
_aLiteratura española _9632 |
|
| 700 | 1 |
_aLebrón Saviñon, Mariano _d1922-2014 _epról. _97227 |
|
| 049 | _aBNPD | ||
| 999 |
_c16774 _d16774 |
||